Prechádzka starou Nitrou Piaristická, Farská, Kupecká ulica a okolie

Podrobná bibliografia
Hlavný autor: Vnuk, Vladimír, 1950- (Autor)
Médium: Kniha
Jazyk:slovenčina
Fyzický popis:151 strán fotografie, mapy 31 cm
Vydavateľské údaje: Nitra Agris Slovakia spol., s. r. o. 2020
ISBN:9788097361631
Predmet:

MARC

LEADER 00000cam a2200000 4500
001 vtls011991417
003 SK-MaSNL
005 20260301053813.0
008 220509s2020 xo o gr 000 0 slo
015 |a SNBA2020/12 
020 |a 9788097361631  |q (viazané) 
035 |a urn:nbn:sk:snk-am00ge5t 
035 |a urn:nbn:sk:snk-am3j6y9 
035 |a 7035133B-405E-46D7-A358-444277050990 
040 |a SNK  |b slo  |c SNK  |e rda 
041 0 |a slo 
043 |a e-xo--- 
044 |a xo  |c SK 
072 7 |a 913(437)  |x Geografia Česka a Slovenska, reálie, cestovanie  |2 konspekt 
080 |a 911.375(091)  |2 2011 
080 |a 911.375  |2 2011 
080 |a (437.6)  |2 2011 
080 |a (084.12)  |2 2011 
080 |a 655.3.066.32:94  |2 2011 
100 1 |a Vnuk, Vladimír,  |d 1950-  |4 aut  |9 364830 
245 1 0 |a Prechádzka starou Nitrou  |b Piaristická, Farská, Kupecká ulica a okolie  |c Vladimír Vnuk 
246 3 0 |a Piaristická, Farská, Kupecká ulica a okolie 
264 1 |a Nitra  |b Agris Slovakia spol., s. r. o.  |c 2020 
300 |a 151 strán  |b fotografie, mapy  |c 31 cm 
336 |a text  |b txt  |2 rdacontent 
336 |a statický obraz  |b sti  |2 rdacontent 
337 |a bez média  |b n  |2 rdamedia 
338 |a zväzok  |b nc  |2 rdacarrier 
366 |e 500 kusov 
500 |a Obsahuje biografické údaje o autorovi 
650 0 7 |a dejiny miest  |2 SNKPH  |9 164833 
650 0 7 |a mestá  |2 SNKPH  |9 2929 
650 0 7 |a History of cities and towns  |2 SNKPHeng  |9 267901 
650 0 7 |a Towns  |2 SNKPHeng  |9 270165 
650 0 7 |a historické pohľadnice  |2 SNKPH  |9 3162 
650 0 7 |a Historical postcards  |2 SNKPHeng  |9 318638 
651 7 |a Nitra (Slovensko)  |2 SNKPHgeo  |9 15714 
651 7 |a Farská ulica (Nitra, Slovensko)  |2 SNKPHgeo  |9 240195 
651 7 |a Nitra (Slovakia)  |2 SNKPHeng  |9 265425 
651 7 |a Farská ulica (Nitra, Slovakia)  |2 SNKPHeng  |9 364831 
651 7 |a Kupecká ulica (Nitra, Slovensko)  |2 SNKPHgeo  |9 85706 
651 7 |a Kupecká ulica (Nitra, Slovakia)  |2 SNKPHeng  |9 364832 
655 7 |a fotografické publikácie  |2 SNKPH  |9 70483 
655 7 |a Photographic publication  |2 SNKPHeng  |9 266858 
919 |a 978-80-973616-3-1 
999 |c 609300  |d 611230 
952 |a SNK  |b SNK  |y PREZ  |7 0  |p 17A1445574  |o snkSB 96006  |i snk2020/19070  |8 0  |0 0  |1 0  |4 0  |d 2020-10-19  |f 1  |l 0  |r 2025-05-19 00:00:00  |w 2026-02-23 
952 |a SNK  |b SNK  |y VYP  |7 0  |p 17A1445575  |o snkSB 96006 D1  |i snk2020/19071  |8 0  |0 0  |1 0  |4 0  |d 2020-10-19  |l 0  |r 2026-02-23 16:18:57  |w 2026-02-23